Japan's economy: A bibliography of its past and present

Đã lưu trong:
书目详细资料
主要作者: William D. Wray
格式: 图书
语言:Undetermined
出版: New York Markus Wiener 1989
主题:
标签: 添加标签
没有标签, 成为第一个标记此记录!
Thư viện lưu trữ: Trung tâm Học liệu Trường Đại học Cần Thơ
LEADER 00553nam a2200205Ia 4500
001 CTU_104649
008 210402s9999 xx 000 0 und d
082 |a 016.330952 
082 |b W943 
100 |a William D. Wray 
245 0 |a Japan's economy: 
245 2 |b A bibliography of its past and present 
245 0 |c William D. Wray 
260 |a New York 
260 |b Markus Wiener 
260 |c 1989 
650 |a japan 
650 |x economic conditions,bibliography 
904 |i Truc 
980 |a Trung tâm Học liệu Trường Đại học Cần Thơ